Vaqāʼiʻ-yī dilpaz̲īr. (Record no. 76011)
[ view plain ]
| 000 -LEADER | |
|---|---|
| fixed length control field | 00760cam a22002771 4500 |
| 001 - CONTROL NUMBER | |
| control field | sa 67006521 |
| 003 - CONTROL NUMBER IDENTIFIER | |
| control field | DLC |
| 005 - DATE AND TIME OF LATEST TRANSACTION | |
| control field | 20260227112408.0 |
| 008 - FIXED-LENGTH DATA ELEMENTS--GENERAL INFORMATION | |
| fixed length control field | 890526s1967 pk ac b 000 0 urdr |
| 010 ## - LIBRARY OF CONGRESS CONTROL NUMBER | |
| LC control number | sa 67006521 |
| 035 ## - SYSTEM CONTROL NUMBER | |
| System control number | (OCoLC)19770635 |
| 040 ## - CATALOGING SOURCE | |
| Original cataloging agency | DLC |
| Transcribing agency | WaU |
| Modifying agency | DLC |
| 042 ## - AUTHENTICATION CODE | |
| Authentication code | premarc |
| 043 ## - GEOGRAPHIC AREA CODE | |
| Geographic area code | a-ii--- |
| 050 00 - LIBRARY OF CONGRESS CALL NUMBER | |
| Classification number | DS485.O94 |
| Item number | A48 1967 |
| 100 1# - MAIN ENTRY--PERSONAL NAME | |
| Personal name | ʻAbdulaḥad Rabiṭ, |
| Dates associated with a name | -1851. |
| 245 10 - TITLE STATEMENT | |
| Title | Vaqāʼiʻ-yī dilpaz̲īr. |
| 260 ## - PUBLICATION, DISTRIBUTION, ETC. | |
| Date of publication, distribution, etc. | [1967] |
| 300 ## - PHYSICAL DESCRIPTION | |
| Extent | 4, 264 p. |
| Other physical details | illus., port. |
| Dimensions | 18 cm. |
| 500 ## - GENERAL NOTE | |
| General note | In Urdu. |
| 500 ## - GENERAL NOTE | |
| General note | Page 264 is blank. |
| 504 ## - BIBLIOGRAPHY, ETC. NOTE | |
| Bibliography, etc. note | Bibliographical footnotes. |
| 651 #0 - SUBJECT ADDED ENTRY--GEOGRAPHIC NAME | |
| Geographic name | Oudh (Princely State) |
| General subdivision | Kings and rulers. |
| 650 #0 - SUBJECT ADDED ENTRY--TOPICAL TERM | |
| Topical term or geographic name entry element | Shiites. |
| 700 1# - ADDED ENTRY--PERSONAL NAME | |
| Personal name | ʻAbbāsī, Maḥmūd Aḥmad, |
| Dates associated with a name | 1885-1974. |
No items available.